Personal protective equipment at work (Second edition) (Record no. 110928)
[ view plain ]
| 000 -LEADER | |
|---|---|
| fixed length control field | 01270cad a22002535a 4500 |
| 001 - CONTROL NUMBER | |
| control field | L150630 |
| 008 - FIXED-LENGTH DATA ELEMENTS--GENERAL INFORMATION | |
| fixed length control field | 100805s2010 xxk f 000 0 eng d |
| 020 ## - INTERNATIONAL STANDARD BOOK NUMBER | |
| International Standard Book Number | 0717661393 |
| 035 ## - SYSTEM CONTROL NUMBER | |
| System control number | (Sirsi) u150630 |
| 041 0# - LANGUAGE CODE | |
| Language code of text/sound track or separate title | eng |
| 110 2# - MAIN ENTRY--CORPORATE NAME | |
| Corporate name or jurisdiction name as entry element | Great Britain |
| Subordinate unit | Health and Safety Executive |
| 245 00 - TITLE STATEMENT | |
| Title | Personal protective equipment at work (Second edition) |
| Remainder of title | Personal Protective Equipment at Work Regulations 1992 (as amended) |
| Medium | [electronic resource] |
| 250 ## - EDITION STATEMENT | |
| Edition statement | 2nd ed. |
| 260 ## - PUBLICATION, DISTRIBUTION, ETC. | |
| Place of publication, distribution, etc. | HSE |
| Date of publication, distribution, etc. | 2005 |
| 490 #0 - SERIES STATEMENT | |
| Series statement | HSE Health and Safety Guidance |
| Volume/sequential designation | (L25) |
| 520 ## - SUMMARY, ETC. | |
| Summary, etc. | Provides guidance on the Personal Protective Equipment at Work Regulations 1992, which came into force in 1993. Since then, they have been amended by the Police (Health and Safety) Regulations 1999, the Health and Safety (Miscellaneous Amendments) Regulations 2002 and the Ionising Radiations Regulations 1999. |
| 650 24 - SUBJECT ADDED ENTRY--TOPICAL TERM | |
| Topical term or geographic name entry element | PERSONAL PROTECTIVE EQUIPMENT AT WORK REGULATIONS 1992 |
| 650 24 - SUBJECT ADDED ENTRY--TOPICAL TERM | |
| Topical term or geographic name entry element | HEALTH AND SAFETY (MISCELLANEOUS AMENDMENTS) REGULATIONS 2002 |
| 650 24 - SUBJECT ADDED ENTRY--TOPICAL TERM | |
| Topical term or geographic name entry element | IONISING RADIATION REGULATIONS 1999 |
| 651 #4 - SUBJECT ADDED ENTRY--GEOGRAPHIC NAME | |
| Geographic name | Great Britain |
| Chronological subdivision | 1707- |
| 690 ## - LOCAL SUBJECT ADDED ENTRY--TOPICAL TERM (OCLC, RLIN) | |
| Topical term or geographic name as entry element | Health and safety |
| 9 (RLIN) | 6244 |
| 856 40 - ELECTRONIC LOCATION AND ACCESS | |
| Uniform Resource Identifier | <a href="https://www.hse.gov.uk/pubns/priced/l25.pdf">https://www.hse.gov.uk/pubns/priced/l25.pdf</a> |
| Public note | View the guidance free of charge at www.hse.gov.uk |
| 942 ## - ADDED ENTRY ELEMENTS (KOHA) | |
| Suppress in OPAC | 0 |
| Withdrawn status | Lost status | Source of classification or shelving scheme | Damaged status | Not for loan | Home library | Current library | Shelving location | Date acquired | Total Checkouts | Full call number | Barcode | Date last seen | Copy number | Price effective from | Koha item type |
|---|---|---|---|---|---|---|---|---|---|---|---|---|---|---|---|
| Dewey Decimal Classification | Virtual | Virtual | Online | 05/08/2010 | ONLINE PUBLICATION | 150630-2001 | 06/08/2019 | 1 | 06/08/2019 | Book |